000 00616nam a2200193Ii 4500
003 JO-AjNU
008 230605s9999||||xx |||||||||||||| ||und||
040 _aJO-AjNU
_bara
_erda
_cJO-AjNU
041 _aara
050 1 4 _aQL362 1982
100 3 _aحموي ، عادل/ م مشارك حسن حلمي خاروف ,
_eauthor
_920021
245 0 0 _aاللافقاريات العليا
264 3 1 _aدمشق:مطبعة الداودي ،1982
300 _a296ص
336 _atext
_btxt
_2rdacontent
337 _aunmediated
_bn
_2rdamedia
338 _avolume
_bnc
_2rdacarrier
650 4 _aاللافقاريات
_920022
999 _aA6713
_c10281
_d10281